| 000 | 00371nam a2200145Ia 4500 | ||
|---|---|---|---|
| 005 | 20250729165747.0 | ||
| 008 | 250729s2012 xx 000 0 und d | ||
| 041 | _aeng | ||
| 082 | _a372.25 NORY | ||
| 100 |
_aNorber Minezes _9232337 |
||
| 245 | _aYourChildren their future | ||
| 260 |
_aPatna _bPrabhath Prakashan _c2012 |
||
| 300 | _a176p | ||
| 650 |
_aEducation _9232338 |
||
| 999 |
_c239732 _d239732 |
||